000 01788nam a2200361 c 4500
003 BLK
005 20240408112311.0
008 180412b bul|||||r ||||||| ||bul||
010 _aKNG00007995000
020 _a954-524-098-9
_bиздат.: Унив. изд. Св. св. Кирил и Методий
040 _aBLK
041 _aBUL
_cBUL
080 _aПсихология
_b159.9
_x.07-053.2
_z159.9.07-053.2
080 _aПсихометрия. Психохронометрия. Измерване на времето
_b159.938.3
_x-053.2
_z159.938.3-053.2
080 _aПсихотехника. Приложна психология. Психотестове. Консултативна психология
_b159.98
_x-053.2
_z159.98-053.2
100 _aКарагьозов, Иван Димитров
_d1946 -
_gПедагог.
_9251681
139 _aКарагьозов, Иван Димитров
_bК 30
245 1 0 _aДиагностика на отклоненията в психическото развитие на детето
_cИван Димитров Карагьозов.
257 _aBGR
260 В. Търново
_bУнив. изд. Св. св. Кирил и Методий
_c1995
300 _a144 с.
_bс табл., сх., ил.
_c22 см
380 _a1
500 _a1 000 тир.
650 4 _aПсихологически изследвания
_9251806
650 4 _aЛичност - психопатология и диагностика
_9251807
650 4 _aДеца - психопатология и диагностика
_9251808
852 _aЦб 183395
856 4 _qpdf
_u
856 4 _qpdf
_u
942 _cKNG
_n0
_01
944 _aCR
_c15.01.2003
_k30560
_lГеновева Генчева
944 _aED
_c20.09.2005
_k
999 _c6738
_d6738